[Event "Santa Catarina-chT"]
[Site "Piratuba"]
[Date "2018.04.14"]
[Round "3.2"]
[White "Stadler Pezzini, Leonardo"]
[Black "Borges, Guilherme Deola"]
[Result "0-1"]
[WhiteElo "1736"]
[BlackElo "2191"]
[PlyCount "62"]
[EventDate "2018.04.13"]
[EventType "team-swiss"]
[EventRounds "5"]
[EventCountry "BRA"]
[SourceTitle "CBM 184 Extra"]
[Source "ChessBase"]
[SourceDate "2018.06.28"]
[SourceVersion "1"]
[SourceVersionDate "2018.06.28"]
[SourceQuality "1"]
[WhiteTeam "Dubba Uba"]
[BlackTeam "UFSC"]
[WhiteTeamCountry "BRA"]
[BlackTeamCountry "BRA"]

1. d4 Nf6 2. c4 e6 3. Nf3 d5 4. Nc3 c6 5. e3 Nbd7 6. cxd5 exd5 7. Bd3 Bd6 8. 0-0 0-0 9. Rb1 Re8 10. b4 Ne4 11. Bd2 Ndf6 12. b5 Bg4 13. Be2 Qe7 14. bxc6 bxc6 15. Qc2 Nxc3 16. Bxc3 Ne4 17. Rb3 Rac8 18. Ba1 f5 19. Ne5 Bxe2 20. Qxe2 Bxe5 21. dxe5 Rb8 22. Rfb1 Qc7 23. h3 Rxb3 24. Rxb3 Rb8 25. Rxb8+ Qxb8 26. Qb2 Qb6 27. Qd4 Qb1+ 28. Kh2 Nxf2 29. Qb2 Qh1+ 30. Kg3 Ne4+ 31. Kh4 Qe1+ 0-1

[Event "Florianopolis op 3rd"]
[Site "Florianopolis"]
[Date "2017.01.25"]
[Round "8"]
[White "Stadler Pezzini, Leonardo"]
[Black "Moro, Antonio Renato Pere"]
[Result "0-1"]
[WhiteElo "1743"]
[BlackElo "1941"]
[PlyCount "60"]
[EventDate "2017.01.20"]
[EventType "swiss"]
[EventRounds "10"]
[EventCountry "BRA"]
[SourceTitle "CBM 176 Extra"]
[Source "ChessBase"]
[SourceDate "2017.03.02"]
[SourceVersion "1"]
[SourceVersionDate "2017.03.02"]
[SourceQuality "1"]

1. d4 Nf6 2. c4 g6 3. Nc3 Bg7 4. e4 d6 5. Bg5 h6 6. Be3 0-0 7. f3 e5 8. d5 Ne8 9. Qd2 Kh7 10. 0-0-0 a5 11. Kb1 Na6 12. g3 Bd7 13. Bh3 Nc5 14. Bxd7 Qxd7 15. h4 f5 16. h5 g5 17. f4 exf4 18. gxf4 gxf4 19. Bxf4 Nxe4 20. Nxe4 fxe4 21. Ne2 b5 22. Be3 bxc4 23. Nd4 Rb8 24. Qg2 Qe7 25. Qg6+ Kh8 26. Bxh6 Rf2 27. Bc1 e3 28. h6 Bxd4 29. Rxd4 Nf6 30. Bxe3 Rbxb2+ 0-1

[Event "Florianopolis op 3rd"]
[Site "Florianopolis"]
[Date "2017.01.22"]
[Round "4"]
[White "Vieira, Jose Renato Braga S"]
[Black "Stadler Pezzini, Leonardo"]
[Result "1-0"]
[WhiteElo "2016"]
[BlackElo "1743"]
[PlyCount "73"]
[EventDate "2017.01.20"]
[EventType "swiss"]
[EventRounds "10"]
[EventCountry "BRA"]
[SourceTitle "CBM 176 Extra"]
[Source "ChessBase"]
[SourceDate "2017.03.02"]
[SourceVersion "1"]
[SourceVersionDate "2017.03.02"]
[SourceQuality "1"]

1. d4 Nf6 2. c4 g6 3. Nc3 Bg7 4. e4 d6 5. Be2 0-0 6. Bg5 c6 7. Qd2 a6 8. h4 h5 9. f3 b5 10. 0-0-0 Nbd7 11. g4 b4 12. Na4 Qa5 13. b3 d5 14. e5 dxc4 15. Bxc4 Nxe5 16. dxe5 Qxe5 17. Qb2 Qxb2+ 18. Nxb2 hxg4 19. fxg4 Ne4 20. Bxe7 Re8 21. Bxb4 Nf2 22. Bxf7+ Kxf7 23. Rf1 Bd4 24. Nh3 Re2 25. Nxf2 c5 26. Nfd3+ Kg8 27. Bxc5 Bxc5 28. Nxc5 Bxg4 29. Rhg1 Bh5 30. Rf5 Kh7 31. Rfg5 Rh2 32. Nd7 Rc8+ 33. Nc4 Rxa2 34. Nf6+ Kh6 35. Kb1 Rh2 36. Nd6 Rcc2 37. Nf5+ 1-0

[Event "Sao Bento do Sul U2050 2nd"]
[Site "Sao Bento do Sul"]
[Date "2016.09.17"]
[Round "5.18"]
[White "Liebl, Livia"]
[Black "Stadler Pezzini, Leonardo"]
[Result "1-0"]
[WhiteElo "1512"]
[BlackElo "1765"]
[PlyCount "115"]
[EventDate "2016.09.16"]
[EventType "swiss"]
[EventRounds "7"]
[EventCountry "BRA"]
[SourceTitle "EXT 2022"]
[Source "ChessBase"]
[SourceDate "2021.10.06"]
[SourceVersion "1"]
[SourceVersionDate "2021.10.06"]
[SourceQuality "1"]

1. d4 Nf6 2. c4 e5 3. d5 Bb4+ 4. Bd2 Bxd2+ 5. Nxd2 d6 6. f3 Nbd7 7. e4 0-0 8. Ne2 Nc5 9. Nc3 a5 10. Be2 Nh5 11. g3 f5 12. Qc2 f4 13. g4 Qh4+ 14. Kd1 Ng3 15. Rg1 Qxh2 16. Re1 Bd7 17. Kc1 Na6 18. Nf1 Qf2 19. Qd1 Qc5 20. Nxg3 fxg3 21. Rg1 c6 22. dxc6 Bxc6 23. Rxg3 Rab8 24. Rh3 g6 25. a4 Qe3+ 26. Qd2 Qxd2+ 27. Kxd2 Nc5 28. Rah1 Rf7 29. Nb5 Bxb5 30. cxb5 Kh8 31. Bc4 Rg7 32. b3 Nd7 33. Ke3 Nf8 34. R3h2 g5 35. Rd1 Rg6 36. Rhd2 Rd8 37. Bd5 Rd7 38. Rc1 Ne6 39. Bxe6 Rxe6 40. Rdc2 Ree7 41. b6 Kg7 42. Rd2 Kf7 43. Rcd1 Rd8 44. Rd5 Rc8 45. Rxd6 Rc3+ 46. R1d3 Rxd3+ 47. Kxd3 Ke8 48. Rd5 Re6 49. Rxa5 Kd7 50. Rd5+ Kc8 51. a5 Rf6 52. Ke3 Rc6 53. b4 Re6 54. Rc5+ Kb8 55. Rc7 Rh6 56. Re7 Kc8 57. Rxe5 Kd7 58. Rxg5 1-0

[Event "Sao Bento do Sul U2050 2nd"]
[Site "Sao Bento do Sul"]
[Date "2016.09.16"]
[Round "2.8"]
[White "Stadler Pezzini, Leonardo"]
[Black "Maia, Jonathan Cesar"]
[Result "0-1"]
[WhiteElo "1765"]
[BlackElo "1941"]
[PlyCount "116"]
[EventDate "2016.09.16"]
[EventType "swiss"]
[EventRounds "7"]
[EventCountry "BRA"]
[SourceTitle "EXT 2022"]
[Source "ChessBase"]
[SourceDate "2021.10.06"]
[SourceVersion "1"]
[SourceVersionDate "2021.10.06"]
[SourceQuality "1"]

1. d4 d5 2. c4 c6 3. Nc3 Nf6 4. Nf3 e6 5. Bg5 h6 6. Bh4 Be7 7. cxd5 exd5 8. e3 Bf5 9. Bd3 Bxd3 10. Qxd3 0-0 11. 0-0 Nbd7 12. Rab1 a5 13. Bxf6 Nxf6 14. Ne5 Re8 15. a3 Bd6 16. f4 a4 17. Qc2 Qa5 18. b4 axb3 19. Rxb3 Ne4 20. Nxe4 dxe4 21. Rxb7 Bxe5 22. fxe5 Qxa3 23. Qxe4 Ra7 24. Rxa7 Qxa7 25. Qxc6 Re6 26. Qc8+ Kh7 27. Qc3 Qb7 28. Qd3+ Rg6 29. d5 Qb2 30. Qe4 h5 31. d6 Kh6 32. h3 Qd2 33. Qf4+ Kh7 34. Qf2 Qd5 35. Qf3 Qxe5 36. d7 Rd6 37. Rd1 Qe7 38. Rxd6 Qxd6 39. Qxh5+ Kg8 40. Qg4 Qe7 41. Qd4 Qd8 42. Qd6 Kh7 43. h4 g6 44. e4 Kg7 45. Qe5+ f6 46. Qe8 Qb6+ 47. Kh2 Qf2 48. Kh3 g5 49. hxg5 fxg5 50. Qe5+ Kh6 51. Qg3 Qd4 52. Qg4 Qd3+ 53. Kh2 Qd6+ 54. Qg3 Qd4 55. Qh3+ Kg6 56. Qf5+ Kh5 57. Kh3 Qd3+ 58. Qf3+ g4+ 0-1

[Event "Florianopolis Winter U220 op"]
[Site "Florianopolis"]
[Date "2016.08.19"]
[Round "2"]
[White "Bassani, Jaison Jose"]
[Black "Stadler Pezzini, Leonardo"]
[Result "1-0"]
[WhiteElo "1909"]
[BlackElo "1792"]
[PlyCount "46"]
[EventDate "2016.08.19"]
[EventType "swiss"]
[EventRounds "7"]
[EventCountry "BRA"]
[SourceTitle "CBM 174 Extra"]
[Source "ChessBase"]
[SourceDate "2016.10.10"]
[SourceVersion "1"]
[SourceVersionDate "2016.10.10"]
[SourceQuality "1"]

1. Nf3 Nf6 2. g3 d5 3. Bg2 e6 4. 0-0 Be7 5. d3 Nbd7 6. Nbd2 0-0 7. e4 c5 8. Re1 Rb8 9. e5 Ne8 10. Qe2 b5 11. Nf1 c4 12. d4 b4 13. h4 Nc7 14. N1h2 Nb5 15. Be3 Ba6 16. Qd1 Qb6 17. Ng5 Rfc8 18. Qh5 Bxg5 19. hxg5 Nf8 20. Ng4 Qc7 21. Bf3 f5 22. gxf6 g6 23. Qh4 Qf7 1-0

[Event "Florianopolis op 2nd"]
[Site "Florianopolis"]
[Date "2016.01.19"]
[Round "6"]
[White "Piccoli, Lucas Fonseca"]
[Black "Stadler Pezzini, Leonardo"]
[Result "1-0"]
[WhiteElo "1752"]
[BlackElo "1954"]
[PlyCount "81"]
[EventDate "2016.01.16"]
[EventType "swiss"]
[EventRounds "10"]
[EventCountry "BRA"]
[SourceTitle "CBM 170 Extra"]
[Source "ChessBase"]
[SourceDate "2016.02.25"]
[SourceVersion "1"]
[SourceVersionDate "2016.02.25"]
[SourceQuality "1"]

1. c4 Nf6 2. Nc3 g6 3. g3 Bg7 4. Bg2 0-0 5. e4 d6 6. Nge2 Nbd7 7. 0-0 c5 8. d3 e5 9. h3 Ne8 10. Be3 f5 11. f4 Nb8 12. fxe5 Bxe5 13. d4 cxd4 14. Bxd4 Nc6 15. Bxe5 Nxe5 16. Qd5+ Kh8 17. Qd4 Qc7 18. b3 Qg7 19. Nb5 Rf6 20. Nxa7 Bd7 21. Nb5 Bc6 22. Nbc3 Nc7 23. Nd5 Ne6 24. Qe3 Rf7 25. exf5 gxf5 26. Nef4 Nc5 27. Nh5 Qg6 28. Ndf4 Qh6 29. Bxc6 bxc6 30. Qd4 Ne4 31. Kh2 Rg8 32. Rad1 Rg5 33. g4 Qf8 34. Ne6 Qa8 35. Nxg5 Qxa2+ 36. Kg1 Nxg5 37. Qxe5+ Kg8 38. Rxd6 Qa7+ 39. c5 Nf3+ 40. Rxf3 Qa1+ 41. Qxa1 1-0

[Event "Florianopolis op 2nd"]
[Site "Florianopolis"]
[Date "2016.01.17"]
[Round "2"]
[White "Cristaldo, Ulises"]
[Black "Stadler Pezzini, Leonardo"]
[Result "0-1"]
[WhiteElo "1574"]
[BlackElo "1954"]
[PlyCount "76"]
[EventDate "2016.01.16"]
[EventType "swiss"]
[EventRounds "10"]
[EventCountry "BRA"]
[SourceTitle "CBM 170 Extra"]
[Source "ChessBase"]
[SourceDate "2016.02.25"]
[SourceVersion "1"]
[SourceVersionDate "2016.02.25"]
[SourceQuality "1"]

1. d4 Nf6 2. c4 g6 3. Nc3 d5 4. Nf3 Bg7 5. Bg5 c6 6. e3 0-0 7. Rc1 Nbd7 8. Qc2 dxc4 9. Bxc4 c5 10. d5 Nb6 11. Bxf6 Bxf6 12. Ne4 Bg7 13. Nxc5 Nxc4 14. Qxc4 Bxb2 15. Rc2 Bg7 16. 0-0 a6 17. Nb3 b5 18. Qc6 Bf5 19. Rc5 Ra7 20. d6 Qxd6 21. Qxd6 exd6 22. Rd5 Rd7 23. Rfd1 Rfd8 24. Nbd4 Be6 25. Nxe6 fxe6 26. R5d3 Bf6 27. e4 d5 28. e5 Bg7 29. Nd4 Re8 30. Nc6 Rc7 31. Rc3 Bxe5 32. Re3 Bf4 33. Rf3 Bxh2+ 34. Kxh2 Rxc6 35. Rd4 Rf8 36. Rdf4 Rxf4 37. Rxf4 d4 38. Rf3 Kg7 0-1

[Event "Florianopolis Cordioli Memorial"]
[Site "Florianopolis"]
[Date "2015.07.05"]
[Round "7"]
[White "Stadler Pezzini, Leonardo"]
[Black "Costa, Ane Caroline"]
[Result "1-0"]
[WhiteElo "1964"]
[BlackElo "1756"]
[PlyCount "65"]
[EventDate "2015.07.03"]
[EventType "swiss"]
[EventRounds "7"]
[EventCountry "BRA"]
[SourceTitle "EXT 2016"]
[Source "ChessBase"]
[SourceDate "2015.10.08"]
[SourceVersion "1"]
[SourceVersionDate "2015.10.08"]
[SourceQuality "1"]

1. e4 c6 2. d4 d5 3. Nd2 dxe4 4. Nxe4 Bf5 5. Ng3 Bg6 6. Nf3 Nd7 7. Bd3 Qc7 8. 0-0 Ngf6 9. c4 e6 10. b3 Bd6 11. Bb2 0-0 12. Re1 Rfe8 13. Ne5 Bxd3 14. Qxd3 Rad8 15. Qe2 h6 16. a3 a5 17. Rad1 Bf8 18. Nf3 Qb6 19. Nd2 c5 20. dxc5 Bxc5 21. Qf3 Be7 22. Nde4 Qc6 23. Nh5 Nxh5 24. Qxh5 Nc5 25. Qg4 g6 26. Nf6+ Bxf6 27. Bxf6 Rd7 28. Rxd7 Nxd7 29. Bc3 b6 30. Rd1 Nc5 31. Qh4 Kh7 32. Qf6 Rg8 33. Qxf7+ 1-0

[Event "Florianopolis Cordioli Memorial"]
[Site "Florianopolis"]
[Date "2015.07.04"]
[Round "5"]
[White "Stadler Pezzini, Leonardo"]
[Black "Silva, Lucas Henrique Da"]
[Result "0-1"]
[WhiteElo "1964"]
[BlackElo "2092"]
[PlyCount "66"]
[EventDate "2015.07.03"]
[EventType "swiss"]
[EventRounds "7"]
[EventCountry "BRA"]
[SourceTitle "EXT 2016"]
[Source "ChessBase"]
[SourceDate "2015.10.08"]
[SourceVersion "1"]
[SourceVersionDate "2015.10.08"]
[SourceQuality "1"]

1. e4 e6 2. d4 d5 3. exd5 exd5 4. Bd3 Nc6 5. c3 Be6 6. Nf3 Qd7 7. Bf4 f6 8. Nbd2 g5 9. Bg3 Nge7 10. b4 Nf5 11. Nb3 h5 12. h4 Nxg3 13. fxg3 Bd6 14. Nc5 Bxg3+ 15. Kd2 Qe7 16. Qc2 0-0-0 17. Nxe6 Rd6 18. Nc5 g4 19. Bf5+ Kb8 20. Rhe1 Qg7 21. Ng1 Qh6+ 22. Kd1 Bxe1 23. Kxe1 Qe3+ 24. Ne2 Re8 25. Kd1 Qf2 26. Qd3 Qf1+ 27. Kd2 Qxa1 28. Qb5 Qxa2+ 29. Kc1 b6 30. Na6+ Kb7 31. Nc5+ Ka8 32. Bd7 Rxe2 33. Bxc6+ Kb8 0-1

[Event "Florianopolis Cordioli Memorial"]
[Site "Florianopolis"]
[Date "2015.07.03"]
[Round "2"]
[White "Wiltner, Matheus H Andrukiu"]
[Black "Stadler Pezzini, Leonardo"]
[Result "0-1"]
[WhiteElo "1551"]
[BlackElo "1964"]
[PlyCount "105"]
[EventDate "2015.07.03"]
[EventType "swiss"]
[EventRounds "7"]
[EventCountry "BRA"]
[SourceTitle "EXT 2016"]
[Source "ChessBase"]
[SourceDate "2015.10.08"]
[SourceVersion "1"]
[SourceVersionDate "2015.10.08"]
[SourceQuality "1"]

1. Nf3 Nf6 2. g3 g6 3. Bg2 Bg7 4. 0-0 0-0 5. d3 d6 6. c4 c6 7. Nc3 Nbd7 8. Bg5 h6 9. Bd2 e5 10. Ne1 Nh5 11. e4 Nc5 12. Rc1 Ne6 13. Ne2 f5 14. b4 f4 15. Nf3 g5 16. h3 Qe8 17. Bc3 c5 18. bxc5 dxc5 19. Bxe5 Bxe5 20. Nxe5 Nd4 21. Nxd4 cxd4 22. Nf3 fxg3 23. Nxd4 gxf2+ 24. Rxf2 Nf4 25. Qf1 Qh5 26. Rf3 Bd7 27. c5 Rf6 28. e5 Ra6 29. Rc2 Ra4 30. Rxf4 gxf4 31. Bd5+ Kh8 32. Qxf4 Qg5+ 33. Qxg5 hxg5 34. Nf3 Bc6 35. Bb3 Rf4 36. Nxg5 Raf8 37. Nf7+ R8xf7 38. Bxf7 Rxf7 39. Rf2 Rd7 40. Rd2 Kg7 41. d4 Kf7 42. Kf2 Ke6 43. Ke3 Rh7 44. Rh2 Rh4 45. Kd3 Kd5 46. Kc3 Rxd4 47. Rd2 Rxd2 48. Kxd2 Kxe5 49. Kc3 Kf4 50. Kb4 Kg3 51. a4 Kxh3 52. a5 a6 53. Kc4 0-1